zpět

Detail výsledku týmu

Hloupý Honza, Praha

Datum a čas kvízu

22 Celkem bodů Celkový počet nahraných bodů na tomto kvízu bez doplňovacích otázek.
16. Pořadí na kvízu Konečné umístění týmu na tomto kvízu.

Zaznamenané odpovědi

# Otázka Odpověď Body Výsledky
1. Úředníci pražského katastrální... 1
2. Extrémní sněhovou nadílku, kte... 1
3. Jistá značka vodky přišla tent... 1
4. Který muzikant doprovodil svou... 1
5. Norští olympijští kuchaři si s... 1
6. Ke které knize odkazuje tento... 1
7. Jak se jmenuje pás ostrovů, do... 1
8. Tato fotka byla pořízena na pr... 1
9. Jedna dvoučlenná a dnes již ne... 1
10. Kterou lichotivou přezdívkou č... 1